SZTE TIK szülinap

Elmentve itt :
Bibliográfiai részletek
Szerző: Gergely Borbála
Dokumentumtípus: Cikk
Megjelent: 2014-12-02
Sorozat:Partyponty.hu
Kulcsszavak:Tanulmányi Információs Központ, születésnap
Online Access:http://univ.bibl.u-szeged.hu/47132
LEADER 00570nab a2200169 i 4500
001 univ47132
005 20180109144351.0
008 180109s2014 hu o 0|| zxx d
040 |a SZTE UnivHistória Repozitórium  |b hun 
041 |a zxx 
100 1 |a Gergely Borbála 
245 1 0 |a SZTE TIK szülinap  |h [elektronikus dokumentum] /  |c  Gergely Borbála 
260 |c 2014-12-02 
490 0 |a Partyponty.hu 
561 |a Egyetemi hirarchívum 
695 |a Tanulmányi Információs Központ, születésnap 
856 4 0 |u http://univ.bibl.u-szeged.hu/47132/1/10eves_05.pdf  |z Dokumentum-elérés